00726nam a2200169 a 4500008004100000050002400041100001600065245008000081260008400161350000900245650003600254650001300290650001400303995009400317999001700411952012800428120202s2009 ||||||||||||||||| || u aTHESIS/POSTGRADUATE aSadhahar, M10aDeterminants of dividend policy in indian Industries: an empirical analysis aNadu, IndiabBharathiar, Postgraduate and reserach Department of Commercec2009 a0.00 aDIVIDENDS--DEVELOPING COUNTIRES 0aCOMMERCE aDIVIDENDS D0.00FCBU-MAIN LIBRARY (Kitwe)H1I0.00M1UAVAILABLEWFeb 2, 2012ZUniversity Collection c39838d39838 00102lcc4070a001b001cUniversity Collectiond2022-11-30l0oTHESIS/POSTGRADUATEp03008485r2022-11-30w2022-11-30y002